Simpson, compléter les titres des épisodes. - Statistiques

Statistiques générales
  • Ce quiz a été pris 220 fois
  • Le résultat moyen est 9 sur 20
Statistiques - réponses
Question Réponse % Correct
Homer fait... son cinéma
86%
La graisse... antique.
77%
C'est dur... la culture.
64%
Homer,... garde du corps.
59%
Fiesta à... Las Vegas.
59%
Touche pas... à mon rein
55%
Hippie... Hip Hourra !
55%
La dernière... invention d'Homer.
55%
Les simpson dans... la bible.
55%
L'amour ne... s'achète pas.
50%
Beau comme... un camion.
50%
Les prisonniers... du stade.
45%
Les gros... Q.I.
36%
L'amour... au curry.
32%
La femme... au volant.
32%
Le chef d'oeuvre... d'Homer.
32%
Lézards... populaires
23%
Les vieux... sont tombés sur la tête.
23%
Lisa a... la meilleur note.
18%
Max... Simpson
18%
Aucun quiz correspondant
Distribution des résultats
% des personnes avec chaque résultat
Percentile par nombre de réponses
Votre historique - résultats
Vous n’avez pas pris ce quiz